| 000 | 01455nam0a2200361 4500 | ||
|---|---|---|---|
| 001 | RU\NLR\BIBL_A\012470360 | ||
| 005 | 20210601121459.0 | ||
| 010 |
_a978-5-6044-3523-6 _9200 |
||
| 021 |
_aRU _bКН-П-20-066895 _9КН-П-20-5031 |
||
| 035 | _a(NLR Aleph) 012470360 | ||
| 035 | _a(RuMoRGB)010461090 | ||
| 090 |
_a12076041 _c12076041 |
||
| 100 | _a20210310d2020 u y0rusy50 ca | ||
| 101 | 0 |
_akrc _arus |
|
| 102 | _aRU | ||
| 105 | _ac zzzz0|||y | ||
| 181 | 0 |
_ai _baxxe |
|
| 182 | 0 | _an | |
| 200 | 1 |
_aУнутулмасын халкъымы эсинде _fБичиланы Хусей |
|
| 203 |
_aТекст _bвизуальный _cнепосредственный |
||
| 210 |
_aНальчик _cПечатный двор _d2020 |
||
| 215 |
_a392, [1] с., [6] л. ил., портр. _cил., портр. _d21 |
||
| 300 | _aТекст балкар., рус. | ||
| 320 | _aБиблиогр.: с. 303-304 | ||
| 541 | 1 |
_6z01790 _aПусть не померкнет в памяти народа _eвоспоминания, очерки, статьи, стихотворения _zrus |
|
| 686 |
_aШ5(2=Ба)64-6я44 _2rubbk |
||
| 686 | 1 | _aШ6(2=Ба)7 я44 | |
| 700 | 1 |
_aБичиланы _bХ. _f1930- _gХусей _4070 |
|
| 790 | 1 |
_6z01541 _aБичиев _bХ. О. _f1930- _gХусей Османович _4070 |
|
| 852 |
_aNLR _bОНЛ _jБалк./3-1330 |
||
| 942 | _cBOOK | ||
| 980 | _aNB | ||